000 00726nam a2200253Ia 4500
003 OSt
005 20221005024729.0
006 a|||||r|||| 00| 0
007 ta
008 221004b |||||||| |||| 00| 0 ara d
020 _c180.00
024 _a108223
037 _b347, 01/02/2011, Nadwi Publications
_cTextual
040 _aCRL
_cCRL
_bara
041 _2ara
_aara
082 _aO28,6N21x, P8
100 _aMahmood Mustafi Au.
_9580986
245 0 _aAkal aiash
260 _aCairo
_bAkhbare Alyoum Egypt
_c2008
300 _a125p.
_ccm.
650 _aARABIC PROSE
942 _hO28,6N21x, P8
_cTEXL
_2cc
999 _c933339
_d933339